000 00589nam a22001937a 4500
005 20170823103932.0
010 _aENG-119930
020 _a9386440601
_c90.00
020 _a9789386440600
_c90.00
035 _aEN-103462
037 _bDBAB/PUB
082 _aS
100 _aRoney, Tessy
245 _aPolemos :
_cby Tessy Roney
_bthe war between life and death /
260 _aThrissur (kerala)
_bGmotivation an imprint of green books
_c2017
270 _aGb Building, Civil Lane Road, Ayyanthole,
_bThrissur (kerala)
_e680003
300 _a88p.
_c22cm(pbk)
942 _2ddc
_cEN
_hS
_mRON
999 _c143663
_d143663